Windows MS office Internet Dùng trong giảng dạy và nghiên cứu địa lí
Giới thiệu các khái niệm và hướng dẫn các thao tác cơ bản để sử dụng các phần mềm Microsoft như Word, Excel, Powerpoint, Internet trong giảng dạy và nghiên cứu địa lí
Wedi'i Gadw mewn:
| Awduron Eraill: | , , , |
|---|---|
| Fformat: | Llyfr |
| Iaith: | Vietnamese |
| Cyhoeddwyd: |
H.
Đại học Sư phạm
2010
|
| Rhifyn: | Tái bản lần thứ 3, có bổ sung, sửa chữa |
| Pynciau: | |
| Tagiau: |
Ychwanegu Tag
Dim Tagiau, Byddwch y cyntaf i dagio'r cofnod hwn!
|
| Thư viện lưu trữ: | Mạng thư viện Đại học Đà Nẵng |
|---|
| LEADER | 01950aam a22004938a 4500 | ||
|---|---|---|---|
| 001 | 000019752 | ||
| 003 | 16193 | ||
| 005 | 20141103131114.0 | ||
| 008 | 140821s2010 viesd | ||
| 020 | |c 35000đ |d 1000b | ||
| 041 | 0 | |a vie | |
| 082 | 1 | 4 | |2 14 |a 006.78 |b Win |
| 245 | 0 | 0 | |a Windows MS office Internet |b Dùng trong giảng dạy và nghiên cứu địa lí |c Nguyễn Viết Thịnh (ch.b.), Phạm Kim Chung, Đỗ Thị Minh Đức, Nguyễn Tường Huy |
| 250 | |a Tái bản lần thứ 3, có bổ sung, sửa chữa | ||
| 260 | |a H. |b Đại học Sư phạm |c 2010 | ||
| 300 | |a 240 tr. |b minh hoạ |c 24 cm. | ||
| 504 | |a Phụ lục: tr. 234-240 | ||
| 520 | |a Giới thiệu các khái niệm và hướng dẫn các thao tác cơ bản để sử dụng các phần mềm Microsoft như Word, Excel, Powerpoint, Internet trong giảng dạy và nghiên cứu địa lí | ||
| 650 | 0 | 4 | |2 Bộ TK TVQG |a Windows Microsoft Office Internet |x Địa lý |x Phần mềm máy tính |
| 650 | 7 | |2 Bộ TK TVQG | |
| 650 | 7 | |2 Bộ TK TVQG | |
| 650 | 7 | |2 Bộ TK TVQG | |
| 650 | 7 | |2 Bộ TK TVQG | |
| 650 | 7 | |2 Bộ TK TVQG | |
| 653 | |a Giảng dạy và nghiên cứu | ||
| 653 | |a Tin học | ||
| 653 | |a Địa lý xã hội | ||
| 653 | |a Địa lí kinh tế | ||
| 653 | |a Internet | ||
| 653 | |a Windows MS office | ||
| 700 | 1 | |a Nguyễn Viết Thịnh |e ch.b. | |
| 700 | 1 | |a Phạm Kim Chung | |
| 700 | 1 | |a Nguyễn Tường Huy | |
| 700 | 1 | |a Đỗ Thị Minh Đức | |
| OWN | |a LSP | ||
| AVA | |a UDN50 |b LSP |d 006.78 Win |e available |t Error 5001 Not defined in file expand_doc_bib_avail. |f 5 |g 2 |h N |i 6 |k 1 | ||
| 999 | |a From the UDN01 | ||
| AVA | |a UDN50 |b LSP |d 006.78 Win |e available |t Error 5001 Not defined in file expand_doc_bib_avail. |f 5 |g 2 |h N |i 6 |k 1 | ||
| TYP | |a Monograph | ||
| TYP | |a Printed language | ||
| 980 | |a Mạng thư viện Đại học Đà Nẵng | ||